Wszystkie poziomy w DOORS - Statystyki

Ogólne statystyki
  • Ten quiz został rozwiązany 7 razy
    2 od ostatniego zresetowania
  • Średni wynik to 6 z 15
Statystyki odpowiedzi
Poziom % Poprawnych
Hotel
100%
Hotel -
100%
Backdoors
50%
Cringle's Workshop
50%
Mines
50%
Outdoors
50%
Rooms
50%
Super Hard Mode
50%
Tryb Chaosu
50%
Tryb Retro
50%
Codzienne Wyzwania
0%
Cukierek albo Psikus
0%
Tryb Bitwy
0%
Tryb Nieskończony
0%
Tryb Rusha
0%
Nie znaleziono quizów pasujących do podanych kryteriów
Rozkład punktacji
Procent ludzi z każdym wynikiem
Percentyl według liczby udzielonych odpowiedzi
Twoja historia wyników
Nie rozwiązałeś tego quizu od ostatniego zresetowania